ბათუმის შოთა რუსთაველის სახელმწიფო უნივერსიტეტის ბიბლიოთეკა

География и природные ресурсы. №3. июль-сентябрь. 2018 (ბიბ.ჩანაწერი № 56676)

000 -LEADER
fixed length control field 00634nam a2200193Ia 4500
001 - CONTROL NUMBER
control field 23798
003 - CONTROL NUMBER IDENTIFIER
control field GE_BSU
008 - FIXED-LENGTH DATA ELEMENTS--GENERAL INFORMATION
fixed length control field 181216s||||||||xx |||||||||||||| ||und||
040 ## - CATALOGING SOURCE
Transcribing agency GE_BSU
245 ## - TITLE STATEMENT
Title География и природные ресурсы. №3. июль-сентябрь. 2018
245 ## - TITLE STATEMENT
Statement of responsibility, etc. Гл. ред. В.М.Плюснин.
260 ## - PUBLICATION, DISTRIBUTION, ETC.
Place of publication, distribution, etc. Новосибирск
260 ## - PUBLICATION, DISTRIBUTION, ETC.
Date of publication, distribution, etc. 2018г
300 ## - PHYSICAL DESCRIPTION
Extent 200с;28см;
653 ## - INDEX TERM--UNCONTROLLED
Uncontrolled term География и природные ресурсы. №3. июль-сентябрь. 2018
653 ## - INDEX TERM--UNCONTROLLED
Uncontrolled term Периодика
653 ## - INDEX TERM--UNCONTROLLED
Uncontrolled term პერიოდიკა
942 ## - ADDED ENTRY ELEMENTS (KOHA)
Koha item type პერიოდიკა
ეგზემპლარები
Withdrawn status Lost status Damaged status Not for loan Date acquired Barcode Date last seen Price effective from Koha item type Public note
        2018-12-17 p79756 2018-12-17 2018-12-17 პერიოდიკა პერიოდიკა